000 00516nam a22001697a 4500
999 _c40700
_d40700
003 OSt
005 20200606120121.0
008 191030b ||||| |||| 00| 0 eng d
020 _a9788188790098
040 _cMESKC library
082 _a294.539
_bMAL/S
100 _aMalhotra,Shanta
_961
245 _aSwami Dayanand Saraswati ke Rajnitik Vichar/
_cDr. Shanta Malhotra
260 _aDelhi:
_bKalpana Prakashan,
_c2011
300 _a256p
942 _2ddc
_cBK
_h294.539
_iMAL/S
_k294.539
_mMAL/S